LIBRARY & INFORMATION CENTRE, KCAET, TAVANUR

ONLINE PUBLIC ACCESS CATALOGUE (OPAC)

Hindi kavya mem pragativad / (Record no. 11466)

MARC details
000 -LEADER
fixed length control field 00440cam a2200181ua 4500
041 ## - LANGUAGE CODE
Language code of text/sound track or separate title hin
082 ## - DEWEY DECIMAL CLASSIFICATION NUMBER
Classification number 891.54
Item number VIJ/HI
100 ## - MAIN ENTRY--AUTHOR NAME
Personal name Vijayasankar Mall, .
245 ## - TITLE STATEMENT
Title Hindi kavya mem pragativad /
250 ## - EDITION STATEMENT
Edition statement 2 /
260 ## - PUBLICATION, DISTRIBUTION, ETC. (IMPRINT)
Place of publication Varanasi :
Name of publisher Saraswati Mandir ,
Year of publication 1950.
300 ## - PHYSICAL DESCRIPTION
Number of Pages 188 ; .
942 ## - ADDED ENTRY ELEMENTS (KOHA)
Koha item type Books
Holdings
Withdrawn status Lost status Damaged status Home library Current library Date acquired Full call number Accession Number Koha item type
Withdrawn     KAUAET Sanskrit University 07/04/2012 891.54 2802 Books
free website counter